000 00685cam a22002053a 4500
001 45756
003 PGUSA
005 20140828084048.0
008 140525s2014||||xxu|||||s|||||000 | eng d
040 _aPGUSA
_beng
042 _adc
245 1 0 _aPapers and Proceedings of the Thirty-fourth Annual Meeting of the American Library Association Held at Ottawa, Canada June 26-July 2, 1912
_h[electronic resource] /
_cVarious
260 _bProject Gutenberg,
_c2014
506 _aPublic domain in the USA.
516 _aElectronic text
700 1 _aAssociation, American Library
830 0 _aProject Gutenberg
_v45756
856 4 0 _uhttp://www.gutenberg.org/ebooks/45756
942 _cEB
999 _c275006
_d275006